Международный менеджмент в управлении поставками; Экономика России в XXI веке; Т. 2

Dades bibliogràfiques
Parent link:Экономика России в XXI веке: сборник научных трудов XI Международной научно-практической конференции "Экономические науки и прикладные исследования: фундаментальные проблемы модернизации экономики России", посвященной 110-летию экономического образования в Томском политехническом университете, г. Томск, 18-22 ноября 2014 г./ Национальный исследовательский Томский политехнический университет (ТПУ) ; ред. кол. Г. А. Барышева [и др.].— , 2014
Т. 2.— 2014.— [С. 268-273]
Autor principal: Рябова А. В.
Autor corporatiu: Национальный исследовательский Томский политехнический университет (ТПУ) Институт социально-гуманитарных технологий (ИСГТ) Кафедра менеджмента (МЕН)
Altres autors: Калмыкова Е. Ю. Екатерина Юрьевна (научный руководитель)
Sumari:Заглавие с титульного экрана
В связи с расширением международной торговли возникает множество вопросов, связанных с условиями поставки товаров в зарубежные страны. Для решения таких задач были созданы специальные общепринятые коммерческие термины Инкотермс, определяющие обязанности экспортеров и импортеров. После анализа особенностей всех правил Инкотермс, а также примеров их неверного использования, были сделаны выводы о том, что данные термины имеют большое влияние на затраты предприятия.
Idioma:rus
Publicat: 2014
Col·lecció:Менеджмент XXI века
Matèries:
Accés en línia:http://www.lib.tpu.ru/fulltext/c/2014/C40/V2/054.pdf
Format: MixedMaterials Electrònic Capítol de llibre
KOHA link:https://koha.lib.tpu.ru/cgi-bin/koha/opac-detail.pl?biblionumber=610381

MARC

LEADER 00000naa2a2200000 4500
001 610381
005 20260403085541.0
035 |a (RuTPU)RU\TPU\conf\7987 
035 |a RU\TPU\conf\7985 
090 |a 610381 
100 |a 20150120d2014 k y0rusy50 ca 
101 0 |a rus 
102 |a RU 
135 |a drgn ---uucaa 
181 0 |a i  
182 0 |a b 
200 1 |a Международный менеджмент в управлении поставками  |f А. В. Рябова  |g науч. рук. Е. Ю. Калмыкова 
203 |a Текст  |c электронный 
225 1 |a Менеджмент XXI века 
300 |a Заглавие с титульного экрана 
320 |a [Библиогр.: с. 273 (5 назв.)] 
330 |a В связи с расширением международной торговли возникает множество вопросов, связанных с условиями поставки товаров в зарубежные страны. Для решения таких задач были созданы специальные общепринятые коммерческие термины Инкотермс, определяющие обязанности экспортеров и импортеров. После анализа особенностей всех правил Инкотермс, а также примеров их неверного использования, были сделаны выводы о том, что данные термины имеют большое влияние на затраты предприятия. 
337 |a Adobe Reader 
461 1 |0 (RuTPU)RU\TPU\conf\7533  |t Экономика России в XXI веке  |o сборник научных трудов XI Международной научно-практической конференции "Экономические науки и прикладные исследования: фундаментальные проблемы модернизации экономики России", посвященной 110-летию экономического образования в Томском политехническом университете, г. Томск, 18-22 ноября 2014 г.  |o в 2 т.  |f Национальный исследовательский Томский политехнический университет (ТПУ) ; ред. кол. Г. А. Барышева [и др.]  |d 2014 
463 0 |0 (RuTPU)RU\TPU\conf\7539  |t Т. 2  |v [С. 268-273]  |d 2014 
610 1 |a труды учёных ТПУ 
610 1 |a электронный ресурс 
610 1 |a международный менеджмент 
610 1 |a управление 
610 1 |a поставки 
610 1 |a коммерческие термины 
610 1 |a Инкотермс 
610 1 |a затраты 
700 1 |a Рябова  |b А. В. 
702 1 |a Калмыкова  |b Е. Ю.  |c специалист в области менеджмента  |c доцент Томского политехнического университета, кандидат экономических наук  |f 1962-  |g Екатерина Юрьевна  |3 (RuTPU)RU\TPU\pers\27167  |4 727 
712 0 2 |a Национальный исследовательский Томский политехнический университет (ТПУ)  |b Институт социально-гуманитарных технологий (ИСГТ)  |b Кафедра менеджмента (МЕН)  |3 (RuTPU)RU\TPU\col\18855 
801 2 |a RU  |b 63413507  |c 20150514  |g RCR 
856 4 |u http://www.lib.tpu.ru/fulltext/c/2014/C40/V2/054.pdf 
942 |c BK